Методические разработки по хозяйственному праву. Вып. 1 (Запись № 13574492)

Подробности
000 -МАРКЕР
контрольное поле 01537nam2a2200265 4500
001 - ИДЕНТИФИКАТОР ЗАПИСИ
контрольное поле rc\2839732
005 - ИДЕНТИФИКАТОР ВЕРСИИ
контрольное поле 20260315045742.0
035 ## - ДРУГИЕ СИСТЕМНЫЕ НОМЕРА
Идентификатор записи (NLR Aleph) 006997336
100 ## - ДАННЫЕ ОБЩЕЙ ОБРАБОТКИ
Данные общей обработки 20110629d1928 u y0rusy50 ca
101 0# - ЯЗЫК РЕСУРСА
Язык текста, звукозаписи и т.д. русский
102 ## - СТРАНА ПУБЛИКАЦИИ ИЛИ ПРОИЗВОДСТВА
Страна публикации Российская Федерация
105 ## - ПОЛЕ КОДИРОВАННЫХ ДАННЫХ: ТЕКСТОВЫЕ МАТЕРИАЛЫ, МОНОГРАФИЧЕСКИЕ
Кодированные данные о монографическом текстовом документе y z |||||
200 0# - ЗАГЛАВИЕ И СВЕДЕНИЯ ОБ ОТВЕТСТВЕННОСТИ
Основное заглавие Вып. 1
Первые сведения об ответственности Составлены: проф. С.В. Александровским, ассистентом Ф.М. Дробышевым, доцентом П.Д. Каминской ... [и др.]
210 ## - ПУБЛИКАЦИЯ, РАСПРОСТРАНЕНИЕ И ДР.
Дата издания, распространения и т.д. 1928
215 ## - ФИЗИЧЕСКАЯ ХАРАКТЕРИСТИКА
Специфическое обозначение материала и объем 56 с.
461 #0 - УРОВЕНЬ НАБОРА
Встроенное поле 001rc\2839731
-- 2000#$aМетодические разработки по хозяйственному праву$e(Для студентов II курса Фак-та совправа) ... Вып. 1 -$fПод ред. проф. Ф. Вольфсона$vВып. 1
Системный номер (АБИС) связанной записи 5686002
Автор Московский университет им. М.В. Ломоносова. Факультет советского права
Место публикации Москва
Дата публикации 1928
Первые сведения об ответственности Под ред. проф. Ф. Вольфсона
Имя издателя, распространителя и т.д. изд-во 1 Моск. гос. ун-та
Сведения, относящиеся к заглавию (Для студентов II курса Фак-та совправа) ... Вып. 1 -
Заглавие Методические разработки по хозяйственному праву
Номер тома Вып. 1
702 #1 - ИМЯ ЛИЦА - ВТОРИЧНАЯ ОТВЕТСТВЕННОСТЬ
Начальный элемент ввода Александровский
Часть имени, кроме начального элемента ввода С.В.
Код отношения Составитель
702 #1 - ИМЯ ЛИЦА - ВТОРИЧНАЯ ОТВЕТСТВЕННОСТЬ
Начальный элемент ввода Дробышев
Часть имени, кроме начального элемента ввода Ф.М.
Код отношения Составитель
702 #1 - ИМЯ ЛИЦА - ВТОРИЧНАЯ ОТВЕТСТВЕННОСТЬ
Начальный элемент ввода Каминская
Часть имени, кроме начального элемента ввода П.Д.
Код отношения Составитель
801 #0 - ИСТОЧНИК ЗАПИСИ
Страна Российская Федерация
Организация NLR
Правила каталогизации psbo
801 #1 - ИСТОЧНИК ЗАПИСИ
Страна Российская Федерация
Организация ELAR
Источник данных rusmarc
852 ## - МЕСТОНАХОЖДЕНИЕ И ШИФР ХРАНЕНИЯ
Идентификатор организации NLR
Шифр хранения (Call Number) 40/4212
942 ## - ДОПОЛНИТЕЛЬНЫЕ ЭЛЕМЕНТЫ ЗАПИСИ (АБИС)
Тип экземпляра АБИС Неопределено
980 ## - КОЛЛЕКЦИЯ
Название коллекции Национальная библиография

Нет доступных экземпляров.